00620nam a2200157 a 450000500170000000800410001702000180005805000230007610000200009924501220011926000380024130000220027965000290030199900190033095201130034920140412111305.0010502s19uu xx 00 eng d a0-307-11870-3 aTR(PS EbMy99 1982 aMoche, Dinah L. aMy first book about space :ba question and answer book /cby Dinah L. Moche, Ph. D. ; illustrated by R. Z. Whitlock. aNew York :bA Golden Book,c1982. a1v. (unp.) ; ill. aSpace-Study and teaching c103660d103660 001040aELbELcTRd2001-05-02eLib. Fundl0oTR(PS E My99 1982pE5679r2014-04-12 00:00:00w2014-04-12yBK